000 01044nam a2200265 a 4500
005 20090727111725.0
008 820519s1981 maua b 000 0 eng
010 _aENG-94570
020 _a9788120336841
_c525.00
035 _aEN-78103
037 _bDBAD / PUB
040 _adpl
_bEnglish
082 _a005.3
245 _aTeam development with microsoft visual studio team foundation server:
_bpatterns & practices /
_cby J.D. Meier...[et al]
260 _aNew Delhi
_bPHI Learning
_c2009
270 _aM-97, Connaught Circus
_bNew Delhi
_e110001
300 _axlvi, 573p.
_c25cm(pbk)
500 _aIncludes index
650 _aMicrosoft visual studio
650 _aComputer software
_xDevelopment
_xComputer progress
650 _aTeams in the workplace
_xData processing
700 _aMeier, J.D.
942 _2ddc
_cEN
_mTEA
_h005.3
999 _c28694
_d28694